[Event "XIV Weekend Citta' di Firenze A"]
[Site "Firenze ITA"]
[Date "2006.12.03"]
[Round "3"]
[White "Tocchioni, Maurizio"]
[Black "Salerni, Guido"]
[Result "1/2-1/2"]
[WhiteElo "1891"]
[BlackElo "1870"]
[PlyCount "92"]
[EventDate "2006.12.02"]

1. d4 Nf6 2. Nf3 g6 3. g3 Bg7 4. Bg2 d6 5. O-O O-O 6. c4 c6 7. Nc3 Nbd7 8. b4
c5 9. bxc5 dxc5 10. e3 Rb8 11. a4 a6 12. Rb1 Qc7 13. Qb3 Rd8 14. d5 Ne5 15.
Nxe5 Qxe5 16. e4 Nh5 17. Ne2 g5 18. Qe3 Bd7 19. Bb2 Qc7 20. Qxg5 Nf6 21. e5 h6
22. Qd2 Ne8 23. a5 Bf5 24. Rbe1 Bxe5 25. Bxe5 Qxe5 26. Qxh6 Qf6 27. Qxf6 Nxf6
28. Nf4 Kf8 29. Re5 Bc8 30. Rfe1 Rd7 31. h4 Rc7 32. f3 b5 33. axb6 Rxb6 34. g4
a5 35. g5 Ng8 36. h5 f6 37. Ne6+ Bxe6 38. Rxe6 Rxe6 39. Rxe6 fxg5 40. Ra6 Nf6
41. h6 Kg8 42. Bh3 Kh7 43. d6 exd6 44. Rxd6 Rf7 45. Ra6 Kxh6 46. Rxa5 Rc7
1/2-1/2

[Event "XIV Weekend Citta' di Firenze A"]
[Site "Firenze ITA"]
[Date "2006.12.09"]
[Round "4"]
[White "Bini, Lorenzo"]
[Black "Casarosa, Michele"]
[Result "1-0"]
[WhiteElo "2028"]
[BlackElo "1981"]
[PlyCount "109"]
[EventDate "2006.12.02"]

1. f4 d5 2. g3 g6 3. Bg2 Bg7 4. c3 Nf6 5. d3 c6 6. Nd2 Ng4 7. Nf1 h5 8. h3 Nh6
9. Nf3 Nd7 10. d4 Nf5 11. Be3 Nxe3 12. Nxe3 Nf6 13. Ng5 Ng8 14. Qc2 Nh6 15.
O-O-O Nf5 16. Nxf5 Bxf5 17. e4 dxe4 18. Bxe4 Bxe4 19. Qxe4 Qd5 20. Rde1 Qxe4
21. Rxe4 Bf6 22. Nf3 O-O-O 23. Rhe1 e6 24. Kc2 Rd5 25. Ne5 Bxe5 26. fxe5 Rd7
27. Rf1 Kd8 28. Ref4 Ke8 29. Rf6 Rf8 30. R1f4 Re7 31. Kd2 Kd7 32. Rxg6 fxg6 33.
Rxf8 Rg7 34. Ke3 a6 35. h4 g5 36. hxg5 Rxg5 37. Kf4 Rg7 38. Kf3 Rg5 39. Rf7+
Kc8 40. Re7 Rg6 41. Rh7 Rg5 42. Kg2 a5 43. a4 Rf5 44. Re7 c5 45. Rxe6 cxd4 46.
cxd4 Kd7 47. Rd6+ Kc7 48. Rf6 Rg5 49. Kh3 Kd7 50. Rb6 Kc7 51. Rd6 Rg7 52. b3
Rg8 53. Rf6 Rg4 54. Rf4 Rg5 55. Rh4 1-0

[Event "XIV Weekend Citta' di Firenze A"]
[Site "Firenze ITA"]
[Date "2006.12.09"]
[Round "4"]
[White "Cassai, Mario"]
[Black "Gazzarri, Alberto"]
[Result "1/2-1/2"]
[WhiteElo "1853"]
[BlackElo "2108"]
[PlyCount "85"]
[EventDate "2006.12.02"]

1. d4 Nf6 2. Nf3 e6 3. c4 Bb4+ 4. Bd2 Bxd2+ 5. Qxd2 b6 6. g3 Bb7 7. Bg2 Ne4 8.
Qc2 d5 9. cxd5 Bxd5 10. Nc3 Nxc3 11. Qxc3 O-O 12. O-O Nd7 13. Rad1 Qe7 14. Qxc7
Rac8 15. Qf4 Qb4 16. Qd2 Qxd2 17. Nxd2 Bxg2 18. Kxg2 Rc2 19. Nb3 Rxb2 20. Rd2
Rxd2 21. Nxd2 Rc8 22. Nf3 Rc2 23. e4 Nf6 24. d5 exd5 25. Rd1 Nxe4 26. Rxd5 f6
27. Nh4 Rxf2+ 28. Kg1 Rxa2 29. Rd8+ Kf7 30. Rd7+ Kf8 31. Nf5 Ng5 32. Nxg7 Nf3+
33. Kf1 Nxh2+ 34. Kg1 Nf3+ 35. Kf1 Ne5 36. Rb7 Ra1+ 37. Ke2 Ra2+ 38. Kf1 Nc4
39. Rc7 Ne3+ 40. Kg1 Nd5 41. Ne6+ Kg8 42. Rg7+ Kh8 43. Rd7 1/2-1/2

[Event "XIV Weekend Citta' di Firenze A"]
[Site "Firenze ITA"]
[Date "2006.12.09"]
[Round "4"]
[White "Codacci, Jose'"]
[Black "Moncada, Cesar"]
[Result "0-1"]
[WhiteElo "1874"]
[BlackElo "1849"]
[PlyCount "76"]
[EventDate "2006.12.02"]

1. c4 c5 2. Nc3 b6 3. Nf3 d6 4. d4 cxd4 5. Nxd4 Bb7 6. e4 Nd7 7. Be2 g6 8. O-O
Bg7 9. f4 Ngf6 10. Bf3 Qc7 11. e5 Bxf3 12. Qxf3 O-O 13. exf6 Nxf6 14. Nc6 Qd7
15. Bd2 a6 16. Rae1 Rae8 17. h3 b5 18. g4 bxc4 19. g5 Nh5 20. Nd5 Bxb2 21.
Ndxe7+ Kg7 22. f5 d5 23. f6+ Kh8 24. Bb4 d4 25. Rf2 Bc3 26. Bxc3 dxc3 27. Qxc3
Qd6 28. Qf3 a5 29. Re4 Qc5 30. Ne5 c3 31. Nd7 c2 32. Nxc5 c1=Q+ 33. Kh2 Qxc5
34. Qe3 Qd6+ 35. Kg2 Rb8 36. Rh4 Qd1 37. Rd2 Qc1 38. Qd4 Rb1 0-1

[Event "XIV Weekend Citta' di Firenze A"]
[Site "Firenze ITA"]
[Date "2006.12.09"]
[Round "4"]
[White "Frugoli, Francesco"]
[Black "Bardi, Giuliano"]
[Result "1/2-1/2"]
[WhiteElo "2143"]
[BlackElo "1872"]
[PlyCount "141"]
[EventDate "2006.12.02"]

1. e4 g6 2. Nc3 Bg7 3. Bc4 c5 4. Nf3 e6 5. d4 cxd4 6. Nxd4 a6 7. O-O Ne7 8. Kh1
Nbc6 9. Nxc6 Nxc6 10. f4 O-O 11. f5 b5 12. Bb3 Na5 13. Bf4 Nxb3 14. axb3 b4 15.
Na4 d5 16. fxg6 hxg6 17. e5 Qc7 18. Qe2 a5 19. Qe3 Ba6 20. Rf2 Bb5 21. Re1 Bxa4
22. bxa4 Rac8 23. h4 Qd7 24. Qg3 Kh7 25. Ref1 Rh8 26. Bg5 Rcf8 27. Kg1 Kg8 28.
b3 Qc7 29. Bf6 Bxf6 30. Rxf6 Kg7 31. Qf2 Qxe5 32. Rxf7+ Rxf7 33. Qxf7+ Kh6 34.
Rf4 Rh7 35. Qf8+ Qg7 36. Qc5 Qc3 37. Qf2 Qa1+ 38. Kh2 Qe5 39. g3 g5 40. Rf6+
Kh5 41. Qf3+ g4 42. Qd3 Rg7 43. Qf1 Rc7 44. Rf2 Rc3 45. Qg2 Qe4 46. Qxe4 dxe4
47. Re2 e3 48. Kg2 Kg6 49. Kf1 e5 50. Ke1 Kf5 51. Rh2 Kf6 52. h5 Kg7 53. Kd1
Kh6 54. Ke1 e4 55. Kd1 Rc5 56. Re2 Rc3 57. Rh2 Rc5 58. Rh4 e2+ 59. Kxe2 Rxc2+
60. Kd1 Rc3 61. Rxg4 Rxb3 62. Rxe4 Rxg3 63. Kc2 Kxh5 64. Re5+ Rg5 65. Rb5 Kg4
66. Kb3 Kf4 67. Rb8 Ke4 68. Kc4 Re5 69. Ra8 Rd5 70. Re8+ Re5 71. Ra8 1/2-1/2

[Event "XIV Weekend Citta' di Firenze A"]
[Site "Firenze ITA"]
[Date "2006.12.09"]
[Round "4"]
[White "Innocenti, Luca"]
[Black "Salerni, Guido"]
[Result "1-0"]
[WhiteElo "1909"]
[BlackElo "1870"]
[PlyCount "73"]
[EventDate "2006.12.02"]

1. c4 Nf6 2. Nc3 g6 3. g3 Bg7 4. Bg2 O-O 5. e4 e5 6. Nge2 Nc6 7. O-O d6 8. d3
h6 9. f4 exf4 10. Bxf4 Nh5 11. Be3 Be6 12. Qd2 Kh7 13. h3 Rb8 14. b3 a6 15. d4
Bd7 16. Rf2 Ne7 17. g4 Nf6 18. Raf1 Be8 19. Rxf6 Bxf6 20. Rxf6 Nf5 21. Rxf5
gxf5 22. Bxh6 Rg8 23. exf5 Qh4 24. Bf4 Bd7 25. Bg3 Qd8 26. Qf4 b5 27. f6 Qf8
28. Be4+ Kh8 29. g5 Rg6 30. Nd5 Re8 31. Bxg6 fxg6 32. f7 Rxe2 33. Qf6+ Kh7 34.
Nf4 Re6 35. Nxe6 Bxe6 36. Qxe6 bxc4 37. Qe8 1-0

[Event "XIV Weekend Citta' di Firenze A"]
[Site "Firenze ITA"]
[Date "2006.12.09"]
[Round "4"]
[White "Peparini, Paolo"]
[Black "Garofalo, Simone"]
[Result "0-1"]
[WhiteElo "1692"]
[BlackElo "1878"]
[PlyCount "72"]
[EventDate "2006.12.02"]

1. e4 e6 2. d4 d5 3. Nd2 Be7 4. e5 c5 5. c3 cxd4 6. cxd4 Nc6 7. Nb3 Qb6 8. Nf3
Bd7 9. Be2 Nh6 10. O-O Nf5 11. a4 a5 12. g4 Nh4 13. Nxh4 Bxh4 14. Nc5 Be7 15.
Nxd7 Kxd7 16. Bb5 Kd8 17. Be3 Na7 18. Bd3 Rc8 19. f4 g6 20. Qe2 Kc7 21. Bd2 Nc6
22. Bc3 Kb8 23. Qf2 f6 24. Qe3 fxe5 25. fxe5 Rcf8 26. Be2 Ka7 27. Kg2 Qd8 28.
Qd3 Rxf1 29. Rxf1 Rf8 30. Qb5 Rxf1 31. Bxf1 Bg5 32. Qc5+ Kb8 33. Bb5 Be7 34.
Bxa5 Qxa5 35. Qc1 Nxd4 36. Bd7 Qc7 0-1

[Event "XIV Weekend Citta' di Firenze A"]
[Site "Firenze ITA"]
[Date "2006.12.09"]
[Round "4"]
[White "Pitimada, Mirko"]
[Black "Tocchioni, Doriano"]
[Result "0-1"]
[WhiteElo "1954"]
[BlackElo "2238"]
[PlyCount "156"]
[EventDate "2006.12.02"]

1. e4 c6 2. d4 d5 3. Nd2 dxe4 4. Nxe4 Bf5 5. Ng3 Bg6 6. h4 h6 7. Nf3 Nd7 8. h5
Bh7 9. Bd3 Bxd3 10. Qxd3 Qc7 11. Bd2 e6 12. O-O-O Ngf6 13. Ne4 O-O-O 14. g3
Nxe4 15. Qxe4 Nf6 16. Qe2 Bd6 17. Ne5 Bxe5 18. dxe5 Nd5 19. c4 Ne7 20. g4 c5
21. Bc3 Nc6 22. Qe4 Ne7 23. Qf3 Nc6 24. Qe4 Qe7 25. Qe3 Qg5 26. Qxg5 hxg5 27.
Kc2 Rd7 28. Rxd7 Kxd7 29. Kd3 Ke7 30. Rd1 Rd8+ 31. Ke2 Rxd1 32. Kxd1 Nd4 33.
Bxd4 cxd4 34. Kd2 f6 35. exf6+ Kxf6 36. Kd3 e5 37. c5 Ke6 38. Kc4 a5 39. b3 Kd7
40. a3 Kc6 41. b4 Kd7 42. Kd3 b6 43. Kc4 Kc7 44. b5 bxc5 45. a4 e4 46. Kb3 Kd6
47. Kb2 Kd7 48. Kb3 Kc7 49. Kc2 c4 50. Kd2 Kd6 51. Kd1 c3 52. Kc2 Kc5 53. Kb3
Kd6 54. Kc2 Kc5 55. Kb3 Kb6 56. Kc2 Kb7 57. Kb3 Kc7 58. Kc2 Kb8 59. Kb3 Ka7 60.
Kc2 Ka8 61. Kb3 Kb8 62. Kc2 Kc7 63. Kb3 Kc8 64. Kc2 Kc7 65. Kb3 Kd7 66. Kc2 Kd6
67. Kb3 Kd5 68. Kc2 Ke5 69. Kb3 e3 70. fxe3 dxe3 71. Kxc3 Ke4 72. b6 Kf3 73. b7
e2 74. b8=Q e1=Q+ 75. Kc2 Qe4+ 76. Kc3 Qxa4 77. Qf8+ Kxg4 78. Qxg7 Qa1+ 0-1

[Event "XIV Weekend Citta' di Firenze A"]
[Site "Firenze ITA"]
[Date "2006.12.09"]
[Round "4"]
[White "Tocchioni, Maurizio"]
[Black "Malescusi, Luciano"]
[Result "1-0"]
[WhiteElo "1891"]
[BlackElo "1953"]
[PlyCount "61"]
[EventDate "2006.12.02"]

1. d4 Nf6 2. c4 e6 3. Nc3 Bb4 4. e3 O-O 5. Bd3 c5 6. Nge2 Nc6 7. O-O Bxc3 8.
bxc3 d6 9. e4 e5 10. f4 Bg4 11. d5 Na5 12. fxe5 dxe5 13. Bg5 Qd6 14. h3 Bxe2
15. Qxe2 Ne8 16. Qg4 f6 17. Be3 b6 18. Rf2 Rd8 19. Raf1 Qd7 20. Qe2 Nd6 21. g4
Qa4 22. g5 fxg5 23. Bxg5 Rc8 24. Be7 Rxf2 25. Qxf2 Qe8 26. Bxd6 Qg6+ 27. Kh2
Qxd6 28. Qf7+ Kh8 29. Be2 h6 30. Bg4 Nxc4 31. Bxc8 1-0

[Event "XIV Weekend Citta' di Firenze A"]
[Site "Firenze ITA"]
[Date "2006.12.10"]
[Round "5"]
[White "Casarosa, Michele"]
[Black "Tocchioni, Maurizio"]
[Result "1/2-1/2"]
[WhiteElo "1981"]
[BlackElo "1891"]
[PlyCount "38"]
[EventDate "2006.12.02"]

1. Nf3 Nf6 2. c4 g6 3. Nc3 Bg7 4. d4 c5 5. g3 cxd4 6. Nxd4 O-O 7. Bg2 Nc6 8.
O-O e6 9. Ndb5 Nh5 10. Nd6 f5 11. f4 Qe7 12. Kh1 Nf6 13. e4 fxe4 14. Ncxe4 Nxe4
15. Bxe4 Rb8 16. Rb1 Nd4 17. Nxc8 Rfxc8 18. b3 b5 19. Be3 Nc6 1/2-1/2

[Event "XIV Weekend Citta' di Firenze A"]
[Site "Firenze ITA"]
[Date "2006.12.10"]
[Round "5"]
[White "Garofalo, Simone"]
[Black "Bardi, Giuliano"]
[Result "1-0"]
[WhiteElo "1878"]
[BlackElo "1872"]
[PlyCount "111"]
[EventDate "2006.12.02"]

1. e4 g6 2. d4 d6 3. c4 e5 4. dxe5 dxe5 5. Qxd8+ Kxd8 6. Nf3 f6 7. Nc3 c6 8.
Be3 Kc7 9. Be2 Na6 10. O-O Bh6 11. Bxh6 Nxh6 12. Rfd1 Be6 13. Rac1 Rad8 14.
Rxd8 Kxd8 15. a3 Ke7 16. b4 Rd8 17. h3 Nf7 18. Kf1 Nb8 19. Ke1 Nd7 20. Nd2 f5
21. c5 Nf6 22. exf5 gxf5 23. Bc4 Rd7 24. Bxe6 Kxe6 25. Nc4 Nd5 26. Ne2 Nc7 27.
Rd1 Rxd1+ 28. Kxd1 Kd5 29. Ne3+ Ke6 30. Kd2 Nb5 31. Nc4 Kd5 32. Ne3+ Ke6 33.
Nc4 Kd5 34. Ne3+ Ke6 35. a4 Nc7 36. Nc3 f4 37. Nc4 Nd5 38. b5 Nxc3 39. Kxc3 Kd5
40. Kb4 e4 41. a5 Ne5 42. Nxe5 Kxe5 43. a6 bxa6 44. bxc6 Ke6 45. Ka5 e3 46.
fxe3 fxe3 47. Kxa6 e2 48. c7 e1=Q 49. c8=Q+ Kd5 50. Qf5+ Kc6 51. Qc8+ Kd5 52.
c6 Qa1+ 53. Kb7 Qb2+ 54. Ka8 Qxg2 55. c7 a5 56. Qb7+ 1-0

[Event "XIV Weekend Citta' di Firenze A"]
[Site "Firenze ITA"]
[Date "2006.12.10"]
[Round "5"]
[White "Gazzarri, Alberto"]
[Black "Pitimada, Mirko"]
[Result "1-0"]
[WhiteElo "2108"]
[BlackElo "1954"]
[PlyCount "142"]
[EventDate "2006.12.02"]

1. e4 e6 2. d4 d5 3. e5 c5 4. c3 Nc6 5. Nf3 Qb6 6. Be2 Nh6 7. Bxh6 gxh6 8. Qd2
Bg7 9. O-O O-O 10. Na3 cxd4 11. cxd4 Bd7 12. Nc2 a5 13. Ne3 h5 14. Rad1 f6 15.
exf6 Bxf6 16. g3 Be8 17. Ng2 Bg6 18. Nf4 Rae8 19. Nxg6 hxg6 20. Qh6 Ne7 21. Ng5
Bxg5 22. Qxg5 Kg7 23. Qe5+ Rf6 24. Rd2 Nc6 25. Qe3 Ref8 26. f4 Ne7 27. Rc1 Rc8
28. Rxc8 Nxc8 29. Kg2 Ne7 30. Qe5 Nc6 31. Qe3 Ne7 32. h3 Nf5 33. Qe5 Ne7 34. g4
hxg4 35. hxg4 Nc6 36. Qe3 Qc7 37. g5 Rxf4 38. Qh3 Kg8 39. Qxe6+ Qf7 40. Bg4
Rxd4 41. Rf2 Qxe6 42. Bxe6+ Kh8 43. Rf8+ Kg7 44. Rg8+ Kh7 45. Rf8 Kg7 46. Rf7+
Kh8 47. Rxb7 Rb4 48. Rc7 Rxb2+ 49. Kg3 Nd4 50. Bxd5 Nf5+ 51. Kf4 Re2 52. Ra7
Ne7 53. Be4 Nf5 54. Ra8+ Kg7 55. Ra7+ Kf8 56. Rxa5 Ne7 57. a4 Kf7 58. Ra7 Re1
59. a5 Rf1+ 60. Ke5 Rg1 61. Kd6 Rd1+ 62. Ke5 Rg1 63. Bd5+ Kf8 64. Ra8+ Kg7 65.
Re8 Nxd5 66. Kxd5 Rxg5+ 67. Re5 Rg1 68. Kc6 Kf6 69. Rb5 g5 70. a6 g4 71. a7 Ra1
1-0

[Event "XIV Weekend Citta' di Firenze A"]
[Site "Firenze ITA"]
[Date "2006.12.10"]
[Round "5"]
[White "Innocenti, Luca"]
[Black "Bini, Lorenzo"]
[Result "1/2-1/2"]
[WhiteElo "1909"]
[BlackElo "2028"]
[PlyCount "61"]
[EventDate "2006.12.02"]

1. c4 f5 2. Nc3 Nf6 3. d4 g6 4. g3 Bg7 5. Bg2 O-O 6. Nf3 c6 7. d5 Na6 8. O-O
Nc5 9. Be3 Nce4 10. Nxe4 Nxe4 11. Bd4 c5 12. Bxg7 Kxg7 13. Nd2 Nd6 14. f4 Rb8
15. Qc2 e6 16. Rad1 exd5 17. Bxd5 Qf6 18. Nf3 b5 19. cxb5 Rxb5 20. Ne5 Re8 21.
a4 Rb6 22. Qxc5 Rxb2 23. Bf3 Ne4 24. Bxe4 fxe4 25. Nxd7 Bxd7 26. Rxd7+ Kg8 27.
f5 Qb6 28. Qxb6 axb6 29. fxg6 hxg6 30. Rff7 Rxe2 31. Rg7+ 1/2-1/2

[Event "XIV Weekend Citta' di Firenze A"]
[Site "Firenze ITA"]
[Date "2006.12.10"]
[Round "5"]
[White "Moncada, Cesar"]
[Black "Peparini, Paolo"]
[Result "0-1"]
[WhiteElo "1849"]
[BlackElo "1692"]
[PlyCount "113"]
[EventDate "2006.12.02"]

1. d4 Nf6 2. Nf3 g6 3. g3 Bg7 4. Bg2 d5 5. Nc3 c6 6. O-O O-O 7. Re1 Na6 8. a3
Nc7 9. e4 dxe4 10. Nxe4 Nxe4 11. Rxe4 Bf5 12. Re1 Re8 13. c3 Qc8 14. Qb3 Be6
15. Qd1 a5 16. Bd2 a4 17. Qc1 Bh3 18. Bh1 Nd5 19. Ng5 Nb6 20. Nxh3 Qxh3 21. Re4
Nc4 22. Rh4 Qd7 23. Bh6 Bh8 24. Be4 Nd6 25. Bd3 Nf5 26. Bxf5 Qxf5 27. f4 Qd3
28. Qe1 Rad8 29. Rd1 Qf3 30. Rd2 Rd6 31. Re2 Bf6 32. Re3 Qd5 33. Bg5 Bxg5 34.
fxg5 Qxg5 35. Re5 f5 36. c4 Qf6 37. c5 Rd7 38. Re6 Qg7 39. d5 Rxd5 40. Rxa4
Rxc5 41. Rb4 Rb5 42. Rxb5 cxb5 43. Qb4 Kf7 44. Re2 Qf6 45. Qxb5 Qc6 46. Qb3+
Kf6 47. Rc2 Qe4 48. Qb6+ e6 49. Rc7 Re7 50. Rc8 Rd7 51. Rc1 Rd2 52. Qf2 Rxf2
53. Kxf2 Qd4+ 54. Ke1 Qxb2 55. Rd1 Qxa3 56. Rd2 Qc3 57. Ke2 0-1

[Event "XIV Weekend Citta' di Firenze A"]
[Site "Firenze ITA"]
[Date "2006.12.10"]
[Round "5"]
[White "Salerni, Guido"]
[Black "Malescusi, Luciano"]
[Result "0-1"]
[WhiteElo "1870"]
[BlackElo "1953"]
[PlyCount "116"]
[EventDate "2006.12.02"]

1. Nf3 Nf6 2. g3 g6 3. Bg2 Bg7 4. O-O c5 5. d3 O-O 6. Nbd2 Nc6 7. e4 d6 8. c3
Bd7 9. Re1 Rb8 10. d4 cxd4 11. Nxd4 Nxd4 12. cxd4 Qc7 13. Nf1 Rfc8 14. Bd2 b5
15. Rc1 Qb6 16. e5 dxe5 17. dxe5 Ng4 18. Ne3 Rxc1 19. Bxc1 Nxe3 20. Bxe3 Qc7
21. Bf4 Be6 22. a3 Rc8 23. Be4 Rd8 24. Qc2 Qxc2 25. Bxc2 Bd5 26. Rd1 e6 27. f3
h6 28. g4 Rc8 29. Be4 Bxe4 30. fxe4 g5 31. Bg3 Rc7 32. Rd2 Bf8 33. Bf2 Kg7 34.
Bd4 Bc5 35. Bxc5 Rxc5 36. Rd7 a5 37. Kf2 Rc2+ 38. Kg3 Rxb2 39. Rb7 b4 40. axb4
axb4 41. Kf3 b3 42. h3 Rb1 43. Kf2 b2 44. Kg2 Kf8 45. Kh2 Ke8 46. Kg2 Kd8 47.
Kh2 Kc8 48. Rb3 Kc7 49. Kg2 Kc6 50. Kh2 Kc7 51. Kg2 Kc6 52. Rc3+ Kb5 53. Rb3+
Kc4 54. Rb7 Kd3 55. Rb4 Kc3 56. Rb7 Rc1 57. Rc7+ Kd3 58. Rd7+ Kxe4 0-1

[Event "XIV Weekend Citta' di Firenze A"]
[Site "Firenze ITA"]
[Date "2006.12.10"]
[Round "5"]
[White "Tocchioni, Doriano"]
[Black "Cassai, Mario"]
[Result "1-0"]
[WhiteElo "2238"]
[BlackElo "1853"]
[PlyCount "39"]
[EventDate "2006.12.02"]

1. d4 Nf6 2. c4 g6 3. Nc3 Bg7 4. e4 d6 5. Be2 O-O 6. Bg5 c5 7. d5 e6 8. Qd2
exd5 9. cxd5 Qa5 10. f3 Re8 11. Nb5 Qb6 12. Qf4 Nh5 13. Qxd6 Bxb2 14. Rd1 Be5
15. Qxb6 axb6 16. g4 f6 17. Bd2 Ng3 18. hxg3 Bxg3+ 19. Kf1 Rxa2 20. Bc4 1-0

[Event "XIV Weekend Citta' di Firenze A"]
[Site "Firenze ITA"]
[Date "2006.12.10"]
[Round "6"]
[White "Bardi, Giuliano"]
[Black "Peparini, Paolo"]
[Result "0-1"]
[WhiteElo "1872"]
[BlackElo "1692"]
[PlyCount "67"]
[EventDate "2006.12.02"]

1. e4 e5 2. Bc4 Nc6 3. Nc3 Nf6 4. d3 Na5 5. Nge2 Nxc4 6. dxc4 Bc5 7. Qd3 d6 8.
Be3 Bxe3 9. Qxe3 O-O 10. f3 Qe7 11. Nd5 Nxd5 12. cxd5 f5 13. O-O-O b5 14. Kb1
Bd7 15. Rhf1 b4 16. exf5 Bxf5 17. Ng3 Bd7 18. Ne4 a5 19. Ng5 h6 20. Ne4 a4 21.
g4 b3 22. a3 bxc2+ 23. Kxc2 Rfb8 24. Rg1 Rb6 25. g5 h5 26. Nf6+ Kf8 27. Nxd7+
Qxd7 28. Qe4 Rab8 29. Rb1 Qb5 30. b4 axb3+ 31. Kb2 Qc5 32. Rg2 Ra6 33. Rc1
Qxa3+ 34. Kc3 0-1

[Event "XIV Weekend Citta' di Firenze A"]
[Site "Firenze ITA"]
[Date "2006.12.10"]
[Round "6"]
[White "Casarosa, Michele"]
[Black "Innocenti, Luca"]
[Result "0-1"]
[WhiteElo "1981"]
[BlackElo "1909"]
[PlyCount "42"]
[EventDate "2006.12.02"]

1. e4 c6 2. d4 d5 3. Nc3 dxe4 4. Nxe4 Bf5 5. Ng3 Bg6 6. h4 h6 7. Nf3 Nd7 8. Bd3
Bxd3 9. Qxd3 e6 10. Bd2 Ngf6 11. O-O-O Qc7 12. Ne4 Nxe4 13. Qxe4 Bd6 14. Kb1
O-O-O 15. c4 Rhe8 16. c5 Bf8 17. Bf4 Qa5 18. Rd3 Qb5 19. Rc1 Nxc5 20. Rxc5 Bxc5
21. Rc3 Bd6 0-1

[Event "XIV Weekend Citta' di Firenze A"]
[Site "Firenze ITA"]
[Date "2006.12.10"]
[Round "6"]
[White "Gazzarri, Alberto"]
[Black "Tocchioni, Doriano"]
[Result "1/2-1/2"]
[WhiteElo "2108"]
[BlackElo "2238"]
[PlyCount "35"]
[EventDate "2006.12.02"]

1. e4 c5 2. c3 Nf6 3. e5 Nd5 4. d4 e6 5. Nf3 cxd4 6. cxd4 Nc6 7. Be2 f5 8. O-O
Bb4 9. Bd2 Qb6 10. Bxb4 Qxb4 11. Qd2 b6 12. Rc1 Bb7 13. Nc3 Nxc3 14. bxc3 Qe7
15. c4 O-O 16. Rab1 Rab8 17. Rd1 d6 18. Qf4 1/2-1/2

[Event "XIV Weekend Citta' di Firenze A"]
[Site "Firenze ITA"]
[Date "2006.12.10"]
[Round "6"]
[White "Malescusi, Luciano"]
[Black "Cassai, Mario"]
[Result "1-0"]
[WhiteElo "1953"]
[BlackElo "1853"]
[PlyCount "95"]
[EventDate "2006.12.02"]

1. e4 c5 2. Nf3 g6 3. d4 cxd4 4. Nxd4 Bg7 5. Be2 Nc6 6. Be3 Nf6 7. Nc3 O-O 8.
O-O d5 9. exd5 Nb4 10. Qd2 Nbxd5 11. Nxd5 Nxd5 12. Bh6 Qb6 13. Bxg7 Kxg7 14. c4
Nf6 15. Qc3 Kg8 16. Bf3 Rd8 17. c5 Qc7 18. Nb5 Qf4 19. Rae1 a6 20. g3 Qb8 21.
Rxe7 axb5 22. Qxf6 Be6 23. Rxb7 Qc8 24. c6 Rd2 25. Qc3 Rd6 26. c7 Bd5 27. Bxd5
Rxd5 28. Qc6 Re5 29. Rd1 Qe8 30. Qxe8+ Rexe8 31. Rxb5 Rec8 32. Rc5 Kg7 33. b4
Rxa2 34. Rb1 Ra7 35. b5 Raxc7 36. Rxc7 Rxc7 37. b6 Rb7 38. Kf1 Kf6 39. Ke2 Ke5
40. Kd3 f5 41. f4+ Kd5 42. Rb5+ Kc6 43. Kc4 h6 44. Rc5+ Kxb6 45. Rb5+ Kc6 46.
Rxb7 Kxb7 47. Kd5 h5 48. Ke5 1-0

[Event "XIV Weekend Citta' di Firenze A"]
[Site "Firenze ITA"]
[Date "2006.12.10"]
[Round "6"]
[White "Pitimada, Mirko"]
[Black "Tocchioni, Maurizio"]
[Result "1-0"]
[WhiteElo "1954"]
[BlackElo "1891"]
[PlyCount "46"]
[EventDate "2006.12.02"]

1. e4 c6 2. Nc3 d5 3. f4 dxe4 4. Nxe4 Nd7 5. Nf3 Ndf6 6. Nf2 e6 7. g3 Bd6 8.
Bg2 Ne7 9. O-O h5 10. Nd3 h4 11. Nxh4 Qb6+ 12. Kh1 Nh5 13. b3 g5 14. Bb2 Rh7
15. Bf3 Nxg3+ 16. hxg3 Nf5 17. Kg2 gxh4 18. Be4 hxg3 19. Bxf5 exf5 20. Rh1 Rh2+
21. Rxh2 gxh2 22. Qh5 Qa5 23. Re1+ Be6 1-0

[Event "XIV Weekend Citta' di Firenze A"]
[Site "Firenze ITA"]
[Date "2006.12.10"]
[Round "6"]
[White "Salerni, Guido"]
[Black "Codacci, Jose'"]
[Result "0-1"]
[WhiteElo "1870"]
[BlackElo "1874"]
[PlyCount "94"]
[EventDate "2006.12.02"]

1. Nf3 d6 2. g3 e5 3. d3 Nd7 4. Bg2 Ngf6 5. Nbd2 c6 6. O-O Be7 7. e4 Nf8 8. Re1
Ng6 9. Nf1 Bg4 10. Ne3 h5 11. h3 Bxf3 12. Qxf3 Qa5 13. c3 O-O-O 14. a4 Rdf8 15.
b4 Qd8 16. Bd2 Ne8 17. b5 c5 18. a5 Bg5 19. Nc4 Bxd2 20. Nxd2 Qf6 21. a6 b6 22.
Nc4 Qxf3 23. Bxf3 Kd7 24. h4 Ne7 25. Bg2 Kc7 26. Ne3 g5 27. Bh3 gxh4 28. gxh4
Ng6 29. Nf5 Nf4 30. Bf1 Ng7 31. Ne3 Rhg8 32. Kh2 Nge6 33. Nf5 Rg4 34. Bh3 Nxh3
35. Kxh3 Rfg8 36. Re3 Nf4+ 37. Kh2 Rg2+ 38. Kh1 Rxf2 39. Rg3 Rxg3 40. Nxg3 Rf3
41. Nf5 Rxd3 42. Rc1 Rh3+ 43. Kg1 Ne2+ 44. Kg2 Rd3 45. Rf1 Nf4+ 46. Kh2 Rxc3
47. Ng3 Rb3 0-1

[Event "Open Olimpico A Novembre"]
[Site "Torino ITA"]
[Date "2006.11.??"]
[Round "3"]
[White "Dragojlovic, Andjelko"]
[Black "Gallucci, Alessio"]
[Result "1-0"]
[WhiteElo "2383"]
[BlackElo "1895"]
[PlyCount "89"]
[EventDate "2006.11.30"]

1. b3 e5 2. Bb2 Nc6 3. e3 d6 4. c4 Bf5 5. Nc3 Nf6 6. Nf3 Be7 7. d4 O-O 8. Be2
Nd7 9. Nd5 Re8 10. Nxe7+ Qxe7 11. a3 a5 12. d5 Nd8 13. b4 b6 14. O-O Nb7 15.
Nd2 Bg6 16. e4 f5 17. Bf3 f4 18. Nb1 Nf6 19. Nc3 Rec8 20. Qd3 Be8 21. g3 g5 22.
gxf4 gxf4 23. Nb5 Bd7 24. Kh1 Kh8 25. Rg1 Bh3 26. Be2 Qd7 27. Qf3 h5 28. Qd3
Ng4 29. Bxg4 hxg4 30. Nd4 Qh7 31. Ne6 f3 32. Nf4 Rg8 33. Rg3 Rg5 34. Rag1 Rag8
35. Nxh3 Rh5 36. c5 Rxh3 37. Rxh3 Qxh3 38. Rg3 Qh7 39. cxb6 cxb6 40. Bc1 axb4
41. axb4 Qc7 42. Be3 Ra8 43. h3 Qh7 44. Kh2 Ra1 45. Qc3 1-0

[Event "Open Olimpico A Novembre"]
[Site "Torino ITA"]
[Date "2006.11.??"]
[Round "7"]
[White "Fassio, Luca"]
[Black "Pepino, Enrico"]
[Result "0-1"]
[WhiteElo "2075"]
[BlackElo "2196"]
[PlyCount "62"]
[EventDate "2006.11.30"]

1. e4 d6 2. d4 Nf6 3. Bd3 g6 4. c3 Bg7 5. Nf3 O-O 6. h3 Nc6 7. O-O e5 8. Re1 h6
9. b4 a6 10. Nbd2 exd4 11. Nxd4 Ne5 12. Bf1 c5 13. N4f3 cxb4 14. Nxe5 bxc3 15.
Nxf7 Rxf7 16. Nc4 Ne8 17. e5 b5 18. Na3 Bb7 19. e6 Re7 20. Nc2 Nf6 21. Bd3 Qe8
22. Qe2 Qc6 23. f4 Rae8 24. Nd4 Qd5 25. Qf2 Ng4 26. hxg4 Bxd4 27. Be3 Rxe6 28.
Bxd4 Rxe1+ 29. Rxe1 Rxe1+ 30. Kh2 Rd1 31. Qe2 Qxg2+ 0-1

[Event "XI Festival A"]
[Site "Cesenatico ITA"]
[Date "2006.09.09"]
[Round "8"]
[White "Cappai, Davide"]
[Black "Schreiner, Richard"]
[Result "1-0"]
[WhiteElo "2092"]
[BlackElo "2199"]
[PlyCount "107"]
[EventDate "2006.09.02"]

1. e4 e6 2. d3 c5 3. g3 Nc6 4. Bg2 g6 5. c3 Bg7 6. Ne2 Nge7 7. O-O d6 8. Nd2 b6
9. Qc2 O-O 10. Nc4 b5 11. Ne3 Rb8 12. f4 f5 13. a3 a5 14. Bd2 Bd7 15. a4 b4 16.
Nc4 Bc8 17. Be3 d5 18. exd5 exd5 19. Ne5 Nxe5 20. fxe5 bxc3 21. bxc3 Qc7 22.
Qa2 Bxe5 23. Bxd5+ Kg7 24. Rab1 Rxb1 25. Rxb1 Rd8 26. Bc4 Qc6 27. Bf4 Bf6 28.
Bb5 Qf3 29. Rf1 Qb7 30. Bc4 Nd5 31. Rb1 Qc6 32. Bb5 Qe6 33. Qd2 Qe7 34. h4 Bb7
35. Bc4 Ba8 36. Bh6+ Kh8 37. Bxd5 Bxd5 38. Nf4 Ba8 39. Rb6 Re8 40. Bg5 Bxg5 41.
hxg5 Qc7 42. Qb2 c4 43. d4 Qd8 44. Rf6 Re1+ 45. Kf2 Qe8 46. Rf8+ Qxf8 47. Kxe1
Qe7+ 48. Kd2 Bc6 49. Qb6 Bf3 50. Qxg6 Qe4 51. Qf6+ Kg8 52. Qd8+ Kg7 53. Qc7+
Kg8 54. Qxc4+ 1-0

[Event "Weekend"]
[Site "Padova ITA"]
[Date "2006.12.23"]
[Round "4"]
[White "Rossi, Carlo"]
[Black "Gallo, Enrico"]
[Result "1-0"]
[WhiteElo "2349"]
[BlackElo "2061"]
[PlyCount "63"]
[EventDate "2006.12.16"]

1. e4 c5 2. Nf3 e6 3. d3 Nc6 4. g3 Nf6 5. Bg2 d5 6. Nbd2 Be7 7. O-O O-O 8. Re1
dxe4 9. dxe4 e5 10. c3 Qc7 11. a4 h6 12. Nh4 Rd8 13. Nf5 Bf8 14. Qf3 Bxf5 15.
exf5 Rd7 16. Ne4 Nxe4 17. Qxe4 f6 18. Be3 Rad8 19. Bf1 Kh8 20. Bc4 Na5 21. Be6
Rd6 22. Qg4 c4 23. Rad1 b6 24. Rxd6 Rxd6 25. Bxh6 Rxe6 26. fxe6 gxh6 27. Rd1
Qh7 28. Rd8 Qg7 29. Qe4 Nb7 30. Rxf8+ Qxf8 31. Qxb7 Qg7 32. Qd7 1-0